000 00665nam a2200229Ia 4500
001 8089
003 GE_BSU
008 181216s||||||||xx |||||||||||||| ||und||
040 _cGE_BSU
080 _a681.32(035.3)
100 _aКнорринг,Г.М.
245 _aСправочник: для проектирования электрического освещения.
245 _cРед. Е.Д.Суворов.
250 _aИзд. 3-ое, перераб.
260 _aМ.-Л.
260 _bГосэнергоиздат.
260 _c1952.
300 _a108 стр.20 см.
300 _eтабл.
653 _aСправочник.
942 _cBK
999 _c41427
_d41427